Remote sensing and image interpretation / (Record no. 4856)
[ view plain ]
| 000 -LEADER | |
|---|---|
| fixed length control field | 00495cam a2200181ua 4500 |
| 003 - CONTROL NUMBER IDENTIFIER | |
| control field | OSt |
| 008 - FIXED-LENGTH DATA ELEMENTS--GENERAL INFORMATION | |
| fixed length control field | 241224b |||||||| |||| 00| 0 eng d |
| 020 ## - INTERNATIONAL STANDARD BOOK NUMBER | |
| ISBN | 9788126532230 |
| 082 ## - DEWEY DECIMAL CLASSIFICATION NUMBER | |
| Classification number | 621.367 |
| Item number | LIL/RE |
| 100 ## - MAIN ENTRY--AUTHOR NAME | |
| Personal name | Lillesand, Thomas. |
| -- | Chipman Jonathan, W |
| 245 ## - TITLE STATEMENT | |
| Title | Remote sensing and image interpretation / |
| 250 ## - EDITION STATEMENT | |
| Edition statement | 5 / 6 |
| 260 ## - PUBLICATION, DISTRIBUTION, ETC. (IMPRINT) | |
| Place of publication | New Delhi |
| Name of publisher | John Wiley & Sons , |
| Year of publication | 2013 |
| 300 ## - PHYSICAL DESCRIPTION | |
| Number of Pages | 756. |
| 500 ## - GENERAL NOTE | |
| General note | 20384 -Reference |
| 700 1# - ADDED ENTRY--PERSONAL NAME | |
| Personal name | Kiefer, Ralphus . |
| 942 ## - ADDED ENTRY ELEMENTS (KOHA) | |
| Koha item type | Books |
| Withdrawn status | Lost status | Damaged status | Home library | Current library | Date acquired | Full call number | Accession Number | Koha item type | Collection code | Shelving location | Source of acquisition | Cost, normal purchase price |
|---|---|---|---|---|---|---|---|---|---|---|---|---|
| KAUAET | KAUAET | 07/04/2012 | 621.367 LIL/RE | 20384 | Books | |||||||
| KAUAET | KAUAET | 07/04/2012 | 621.367 LIL/RE | 21756 | Books | |||||||
| KAUAET | KAUAET | 07/04/2012 | 621.367 LIL/RE | 21453 | Books | |||||||
| KAUAET | KAUAET | 07/04/2012 | 621.367 LIL/RE | 22260 | Books | |||||||
| KAUAET | KAUAET | 07/04/2012 | 621.367 LIL/RE | 22258 | Books | |||||||
| KAUAET | KAUAET | 07/04/2012 | 621.367 LIL/RE | 22257 | Books | |||||||
| KAUAET | KAUAET | 07/04/2012 | 621.367 LIL/RE | 22259 | Books | |||||||
| KAUAET | KAUAET | 07/05/2012 | 621.367 LIL/RE | 22397 | Books | |||||||
| KAUAET | KAUAET | 07/05/2012 | 621.367 LIL/RE | 22398 | Books | |||||||
| KAUAET | KAUAET | 07/05/2012 | 621.367 LIL/RE | 22399 | Books | |||||||
| KAUAET | KAUAET | 07/05/2012 | 621.367 LIL/RE | 22400 | Books | |||||||
| KAUAET | KAUAET | 07/05/2012 | 621.367 LIL/RE | 22401 | Books | |||||||
| KAUAET | KAUAET | 07/05/2012 | 621.367 LIL/RE | 22402 | Books | |||||||
| KAUAET | KAUAET | 07/05/2012 | 621.367 LIL/RE | 22403 | Books | |||||||
| KAUAET | KAUAET | 07/05/2012 | 621.367 LIL/RE | 22404 | Books | |||||||
| KAUAET | KAUAET | 07/05/2012 | 621.367 LIL/RE | 22405 | Books | |||||||
| KAUAET | KAUAET | 07/05/2012 | 621.367 LIL/RE | 22406 | Books | |||||||
| KAUAET | KAUAET | 09/06/2016 | 621.367 LIL/RE | 24226 | Books | General Stacks | Professional Books Cochin | 799.00 |
